Most Popular Men's Colognes - Statistics

General Stats
  • This quiz has been taken 67 times
  • The average score is 7 of 25
Answer Stats
Answer % Correct
Jean Paul Gaultier Le Male
81%
Yves Saint Laurent Y
81%
Dior Sauvage
71%
Emporio Armani Stronger With You
50%
Yves Saint Laurent L'Homme
43%
Creed Aventus
38%
Girogio Armani Acqua Di Gio
36%
Versace Eros
36%
Paco Rabanne 1 Million
31%
Azzaro The Most Wanted
28%
Chanel Bleu De Chanel
28%
Calvin Klein CK One
24%
Dolce & Gabbana The One
24%
Valentino Uomo Born in Roma
24%
Dolce & Gabbana Light Blue
19%
Nautica Voyage
19%
Viktor & Rolf Spicebomb
19%
Ralph Lauren Polo Blue
16%
Dior Homme Intense
14%
Gucci Guilty
7%
Coach For Men
5%
Burberry Touch
3%
Mont Blanc Legend
3%
Burberry Brit
2%
Calvin Klein Obsession
2%
No matching quizzes found
Score Distribution
Percent of People with Each Score
Percentile by Number Answered
Your Score History
You have not taken this quiz